Nicolás Alexandrovitch Romanoff, ciudadano soviético

Збережено в:
Бібліографічні деталі
Автор: Wilkens, Jack
Формат: Книга
Мова:Undetermined
Опубліковано: Madrid, España J.M. Yagües 1931
Предмети:
Теги: Додати тег
Немає тегів, Будьте першим, хто поставить тег для цього запису!

MARC

LEADER 00000nam a2200000Ia 4500
008 170316s9999 xx 000 0 und d
040 |a cru BVZT 
090 |a 891 W-3n 
100 |a Wilkens, Jack 
245 |a Nicolás Alexandrovitch Romanoff, ciudadano soviético 
260 |a Madrid, España 
260 |b J.M. Yagües 
260 |c 1931 
300 |a 352 páginas 
650 |a LITERATURA RUSA 
999 |c 12136  |d 12136 
942 |c 15 D  |h 891 W-3n  |2 z